| 000 | 01248nam a2200313 a 4500 | ||
|---|---|---|---|
| 001 | ebr10297872 | ||
| 003 | CaPaEBR | ||
| 006 | m u | ||
| 007 | cr cn||||||||| | ||
| 008 | 070529s2007 enka sb 001 0 eng d | ||
| 010 | _z 2007022437 | ||
| 020 | _z9780470519615 | ||
| 020 | _z9780470025642 (cloth : alk. paper) | ||
| 040 |
_aCaPaEBR _cCaPaEBR |
||
| 035 | _a(OCoLC)608624216 | ||
| 050 | 1 | 4 |
_aRM735 _b.R65 2007eb |
| 082 | 0 | 4 |
_a615.8/515 _222 |
| 100 | 1 |
_aRoss, Joanne, _d1965- |
|
| 245 | 1 | 0 |
_aOccupational therapy and vocational rehabilitation _h[electronic resource] / _cby Joanna Ross. |
| 260 |
_aChichester, West Sussex ; _aHoboken, N.J. : _bJohn Wiley and Sons, _cc2007. |
||
| 300 |
_a271 p. : _bill. |
||
| 504 | _aIncludes bibliographical references (p. [238]-260) and index. | ||
| 533 |
_aElectronic reproduction. _bPalo Alto, Calif. : _cebrary, _d2013. _nAvailable via World Wide Web. _nAccess may be limited to ebrary affiliated libraries. |
||
| 650 | 0 | _aOccupational therapy. | |
| 650 | 0 | _aVocational rehabilitation. | |
| 655 | 7 |
_aElectronic books. _2local |
|
| 710 | 2 | _aebrary, Inc. | |
| 856 | 4 | 0 |
_uhttp://site.ebrary.com/lib/rucke/Doc?id=10297872 _zAn electronic book accessible through the World Wide Web; click to view |
| 999 |
_c64337 _d64337 |
||